[Event "POL-ch Amateur"]
[Site "Wroclaw"]
[Date "2013.??.??"]
[Round "3"]
[White "Garus, Jerzy"]
[Black "Obara, Zbigniew"]
[Result "1-0"]
[WhiteElo "1439"]
[BlackElo "1294"]
[PlyCount "49"]
[EventDate "2013.06.??"]
[EventType "swiss"]
[EventRounds "9"]
[EventCountry "POL"]
[SourceTitle "EXT 2014"]
[Source "ChessBase"]
[SourceDate "2013.11.20"]
[SourceVersion "1"]
[SourceVersionDate "2013.11.20"]
[SourceQuality "1"]

1. e4 c5 2. Nf3 d6 3. d4 cxd4 4. Nxd4 g6 5. Be3 Bg7 6. c3 Nf6 7. Bd3 0-0 8. Nd2 Nc6 9. Nxc6 bxc6 10. Nf1 Ng4 11. Qd2 Nxe3 12. Qxe3 Qb6 13. Qd2 Be6 14. b3 f5 15. exf5 Bxf5 16. Bxf5 Rxf5 17. Ne3 Rc5 18. Nc4 Qc7 19. Rc1 Rf8 20. 0-0 Rh5 21. Ne3 Bh6 22. g3 Rd5 23. Nxd5 Bxd2 24. Nxc7 Bxc1 25. Rxc1 1-0